000 00973nam a2200277 a 4500
001 000027557
003 DO-SdBNP
005 20240903130835.0
007 000027557
008 110401s1983 dr ac 000 0 spa d
040 _aBPMSU
_bspa
_cBPMSU
082 4 _a972.9304
_bA669h 1983
_222
100 1 _aArchambault, Pedro M. (María)
245 1 0 _aHistoria de la restauración /
_cPedro M. Archambault ; prólogo Rafael Vidal
250 _a3a. ed.
260 _aSanto Domingo :
_bEditora de Santo Domingo,
_c1983
300 _a330 p. :
_bil., retrs. ;
_c21 cm.
500 _aIncluye índice analítico
504 _aBibliografía : p. 313-323
534 _pIncluye portada de la edición publicada en:
_cParís: La Libraire Technique et Economique, 1938.
590 _aInventariado, 2024/VM
651 4 _aRepública Dominicana
_xHistoria
_yRestauración 1863-65
700 1 _aVidal, Rafael,
_eprólogo
910 _aVMateo V. Control de calidad BPMSU
942 _2ddc
_cBK
999 _c14795
_d14795